书目信息 |
| 题名: |
数据结构
|
|
| 作者: | 孙丽云 , 马睿 主编 | |
| 分册: | ||
| 出版信息: | 武汉 华中科技大学出版社 2017.2 |
|
| 页数: | 253页 | |
| 开本: | 26cm | |
| 丛书名: | ||
| 单 册: | ||
| 中图分类: | TP311.12 , TP312C | |
| 科图分类: | ||
| 主题词: | 数据结构--高等学校--教材 , C语言--程序设计--高等学校--教材 | |
| 电子资源: | ||
| ISBN: | 978-7-5680-2606-2 | |
| 000 | 00883nam0 2200277 450 | |
| 001 | 0400004481 | |
| 005 | 20171024095355.0 | |
| 010 | @a978-7-5680-2606-2@dCNY35.00 | |
| 100 | @a20170524d2017 em y0chiy50 ea | |
| 101 | 0 | @achi |
| 102 | @aCN@b420000 | |
| 105 | @ay z 000yy | |
| 106 | @ar | |
| 200 | 1 | @a数据结构@9shu ju jie gou@eC语言版@f孙丽云, 马睿主编 |
| 210 | @a武汉@c华中科技大学出版社@d2017.2 | |
| 215 | @a253页@d26cm | |
| 300 | @a应用型本科信息大类专业“十三五”规划教材 | |
| 330 | @a本书主要介绍了线性表、栈和队列、串、树、图等数据结构及相关操作,同时还介绍了查找、排序等算法。 | |
| 606 | 0 | @a数据结构@x高等学校@j教材 |
| 606 | 0 | @aC语言@x程序设计@x高等学校@j教材 |
| 690 | @aTP311.12@v5 | |
| 690 | @aTP312C@v5 | |
| 701 | 0 | @a孙丽云@9Sun Li Yun@4主编 |
| 701 | 0 | @a马睿@9ma rui@4主编 |
| 801 | 0 | @aCN@b91MARC@c20171024 |
| 905 | @b1038075-9@dTP311.12@f5@e1195 | |
| 数据结构:C语言版/孙丽云, 马睿主编.-武汉:华中科技大学出版社,2017.2 |
| 253页;26cm |
| 应用型本科信息大类专业“十三五”规划教材 |
| ISBN 978-7-5680-2606-2:CNY35.00 |
| 本书主要介绍了线性表、栈和队列、串、树、图等数据结构及相关操作,同时还介绍了查找、排序等算法。 |
| ● |
| 相关链接 |
|
|
|
|
正题名:数据结构
索取号:TP311.12/1195
 
预约/预借
| 序号 | 登录号 | 条形码 | 馆藏地/架位号 | 状态 | 备注 |
| 1 | 1038075 | 210380755 | 第二样本阅览室/ [索取号:TP311.12/1195] | 在馆 | |
| 2 | 1038076 | 210380764 | 密集书库—计算机科学学院/ [索取号:TP311.12/1195] | 在馆 | |
| 3 | 1038077 | 210380773 | 第三借阅区/ [索取号:TP311.12/1195] | 在馆 | |
| 4 | 1038078 | 210380782 | 第三借阅区/ [索取号:TP311.12/1195] | 在馆 | |
| 5 | 1038079 | 210380791 | 第三借阅区/ [索取号:TP311.12/1195] | 在馆 |